El conocimiento secreto: el redescubrimiento de las técnicas perdidas de los grandes maestros

Uloženo v:
Podrobná bibliografie
Hlavní autor: Hockney, David (Autor)
Médium: Kniha
Jazyk:španělština
Vydáno: Barcelona Destino 2002
Vydání:3a. ed
Témata:
Tagy: Přidat tag
Žádné tagy, Buďte první, kdo vytvoří štítek k tomuto záznamu!

MARC

LEADER 00000nam a2200000 a 4500
001 UCK4225
003 CL-VaPUC
008 050527e20021000SP |||||||||||||||||spa|d
020 |a 8423333353 
082 0 4 |a 751.4  |b HOC  |2 21 
100 |a Hockney, David  |e author  |9 598837 
245 1 3 |a El conocimiento secreto: el redescubrimiento de las técnicas perdidas de los grandes maestros 
250 |a 3a. ed 
300 |a 296 p 
942 |c BK 
945 |d 20050527 00:00:00  |a cmena 
260 |a Barcelona  |b Destino  |c 2002 
500 |a Incluye 460 ilustraciones, 402 en color 
650 0 |a Pintura  |9 265046 
650 7 |a PINTURA HISTORIA  |2 CL-VaPUC  |9 265594 
650 0 |a Estilos artísticos  |9 340996 
650 0 |a Creación artística   |9 266215 
583 |a last modification  |c 20050527 00:00:00  |k Rodrigo Vera 
999 |c 313164  |d 313162 
952 |0 0  |1 0  |4 0  |6 751_400000000000000_HOC_2002  |7 0  |8 X  |9 384266  |a BIBART  |b BIBART  |d 2019-11-22  |i 4124057  |l 13  |m 1  |o 751.4 HOC 2002  |p 4124057  |r 2025-03-13  |s 2024-04-23  |w 2019-11-22  |y BK_X  |k ART